Normal view
MARC view
Entry Personal Name
001 - CONTROL NUMBER
- control field: 4604
003 - CONTROL NUMBER IDENTIFIER
- control field: dpl
005 - DATE AND TIME OF LATEST TRANSACTION
- control field: 20100802164654.0
008 - FIXED-LENGTH DATA ELEMENTS
- fixed length control field: 100802|||a|||||| | ||| d
040 ## - CATALOGING SOURCE
- Original cataloging agency: dpl
- Transcribing agency: dpl
100 ## - HEADING--PERSONAL NAME
- Personal name: Subodh Kumar
670 ## - SOURCE DATA FOUND
- Source citation: Work cat.: (dpl): Subodh Kumar, The social, political processes and the economic development of Bihar /, 2009
670 ## - SOURCE DATA FOUND
- Source citation: Work cat.: (dpl): Subodh Kumar, The social, political processes and the economic development of Bihar /, 2009
